Cẩm nang quản lý môi trường

Sách cung cấp các kiến thức đại cương về quản lý môi trường: Nội dung sách chia thành hai phần chính. Phần 1 đại cương về quản lý môi trường bao gồm những vấn đề chung, các công cụ đánh giá, dự báo và quy hoạch môi trường, các công cụ k...

Full beskrivning

Sparad:
Bibliografiska uppgifter
Huvudupphovsman: Lưu Đức Hải (Chủ biên)
Övriga upphovsmän: Phạm Thị Việt Anh, Nguyễn Thị Hoàng Liên, Vũ Quyết Thắng
Materialtyp: Bok
Språk:Vietnamese
Publicerad: H. Giáo dục Việt Nam 2013
Upplaga:Tái bản lần thứ tư
Ämnen:
Taggar: Lägg till en tagg
Inga taggar, Lägg till första taggen!
Thư viện lưu trữ: Thư viện Trường Đại học Nam Cần Thơ
LEADER 01899aam a22002778a 4500
001 NCT_18420
008 101222s2010 ||||||viesd
999 |c 873  |d 873 
020 |c 55000 
082 0 4 |2 23rd ed.  |a 354.3  |b Anh107 
100 1 |a Lưu Đức Hải   |e Chủ biên 
245 1 0 |a Cẩm nang quản lý môi trường  |c Lưu Đức Hải (chủ biên) 
250 |a Tái bản lần thứ tư 
260 |a H.  |b Giáo dục Việt Nam  |c 2013 
300 |a 303 tr.  |c 24 cm 
520 3 |a Sách cung cấp các kiến thức đại cương về quản lý môi trường: Nội dung sách chia thành hai phần chính. Phần 1 đại cương về quản lý môi trường bao gồm những vấn đề chung, các công cụ đánh giá, dự báo và quy hoạch môi trường, các công cụ kinh tế trong quản lý môi trường và kiểm soát ô nhiễm. Phần hai giới thiệu các văn bản pháp luật về vấn đề quản lý môi trường 
653 |a Quản lý tài nguyên & Môi trường 
653 |a Kỹ thuật môi trường 
700 |a Phạm Thị Việt Anh 
700 |a Nguyễn Thị Hoàng Liên 
700 |a Vũ Quyết Thắng 
942 |2 ddc  |c BK 
952 |0 0  |1 0  |2 ddc  |4 0  |6 354_300000000000000_ANH107  |7 0  |9 5555  |a 000001  |b 000001  |d 2017-12-05  |l 1  |o 354.3 Anh107  |p MD.04343  |r 2019-08-15  |s 2019-08-12  |v 55000.00  |w 2017-12-05  |y BK 
952 |0 0  |1 0  |2 ddc  |4 0  |6 354_300000000000000_ANH107  |7 0  |9 5556  |a 000001  |b 000001  |d 2017-12-05  |o 354.3 Anh107  |p MD.04344  |r 2017-12-05  |v 55000.00  |w 2017-12-05  |y BK 
952 |0 0  |1 0  |2 ddc  |4 0  |6 354_300000000000000_ANH107  |7 0  |9 5557  |a 000001  |b 000001  |d 2017-12-05  |l 1  |o 354.3 Anh107  |p MD.04345  |r 2019-03-06  |s 2019-03-06  |v 55000.00  |w 2017-12-05  |y BK 
980 |a Thư viện Trường Đại học Nam Cần Thơ